00446nam a2200145Ia 4500008004100000020001500041041001200056082002200068100002800090245011300118250001200231260003300243300001400276650001000290231217s9999 xx 000 0 und d a8178817152 aEnglish a658.1 MIS.4;1 R aMishra, Chandra Sekhar. 0aBusiness and finance V.4 : derivatives and risk management, proceedings of the international conference 2004 a1st ed. c2005bICFAI PressaHyderabad axiii, 169 aICFAI